000 00623nam a2200205 a 4500
001 000007840
005 20250225115302.0
008 090911s1982 dr a 001 0 spa d
040 _aDO-SdBNP
_bspa
_cBNPHU
082 _a610.72
_bM593i
245 0 0 _aMetodología de investigación en salud /
_cEli de Gortari... [et al].
260 _aSanto Domingo :
_bUASD,
_c1982.
300 _a186 p. :
_bil. ;
_c25cm.
490 1 _aFacisal
650 4 _aSalud
_xInvestigaciones
_921586
650 0 _a Ciencia -
_xMetodología
_93
710 1 _aUniversidad Autónoma de Santo Domingo
_972951
830 0 _aFacisal
_921587
049 _aBNPD
999 _c7618
_d7618